000 00351nam a2200133Ia 4500
008 240624s9999 xx 000 0 und d
041 _aeng
082 _a657.019 ARN
100 _aARNOLD VICKY
245 _aADVANCES IN ACCOUNTING BEHAVIORAL RESEAR
260 _c2010
_aLondon
_bUnited Kingdom
300 _axii, : 218 : p. : cm. ; 23
365 _c
_b30
999 _c26627
_d26627